1076 1393 1217 1021 1700 1982 1086 1774 1170 1588 1976 1982 1662 1338 1444 1380 1717 1290 1015 1793 1371 1050 1706 1686 1961 1150 1894 1512 1759 1946 1100 1723 1099 1751 1325 1830 1319 1153 1705 1901 1113 1601 1184 1561 1965 1145 1833 1882 1882 1045 1177 1904 1756 1521 1897 1125 1473 1016 1840 1601 1084 1870 1615 1848 1385 1704 1769 1059 1664 1985 1001 1570 1836 1132 1164 1480 1479 1165 1100 1590 1908 1047 1900 1200 1687 1124 1294 1163 1281 1806 1029 1694 1635 1602 1873 1221 1486 1457 1376 BCNSPRNW ULIB Ver.6.0+V

เปลี่ยนเป็นภาษาไทย

Change to English
 แสดงรายละเอียดบรรณานุกรม
  กลับหน้าหลัก

Brief Record : Get Marc (ISO 2709) : E-mail record : QR code < ปิดหน้าต่าง
LEADER : 00000nam 2200000uu 4500
001    13399123677
003     ULIB
008    141105s2557||||th 000 0 tha d
020    ^a9786162794230
060    ^aWX185^bธ661อ
110    ^aมหาวิทยาลัยมหิดล.^bคณะแพทยศาสตร์ศิริราชพยาบาล.^bงานชีวอนามัย.
245    ^aอาชีวอนามัยและความปลอดภัยในโรงพยาบาล/^cธีระ กลลดาเรืองไกร,ดุจปราถนา พิศาลสารกิจ,สุวัฒน์ ดำนิล,สุวรรณี จามจุรี,เรณู จุลศรี,พัชรี ลาลาด,บุษยา จูงาม และปทุมพร แก้วประชุม
250    ^aพิมพ์ครั้งที่ 1
260    ^aกรุงเทพฯ :^bโครงการตำรา-ศิริราช มหาวิทยาลัยมหิดล,^c2557
300    ^a297 หน้า;^b21 ซม.
650    ^aอาชีวอนามัย^xโรงพยาบาล
650    ^aความปลอดภัย^xโรงพยาบาล
700    ^aธีระ กลลดาเรืองไกร
700    ^aดุจปราถนา พิศาลสารกิจ
700    ^aสุวัฒน์ ดำนิล
700    ^aสุวรรณี จามจุรี
700    ^aเรณู จุลศรี
700    ^aพัชรี ลาลาด
700    ^aบุษยา จูงาม
700    ^aปทุมพร แก้วประชุม
945    ^p230^l0^i036708
945    ^p230^l0^i036709
999    ^aเกษร โพธิ์สุวรรณ
รายการนี้ยังไม่มีแท็ก
คุณยังไม่ได้ล็อกอิน คุณสามารถมีกิจกรรมร่วมกับเว็บไซต์ได้ แต่ต้องล็อกอินก่อน ::
  ล็อกอิน

รายการสื่อสารสนเทศ

ลำดับที่ ประเภท เลขเรียก/บาร์โค้ด สถานที่ สถานะ
1. วิทยาศาสตร์การแพทย์ และสุขภาพ
วิทยาศาสตร์การแพทย์ และสุขภาพ
สถานะ=หนังสือเก่า
WX185 ธ661อ ฉ.1 
  Barcode: 036708
ห้องสมุดวิทยาเขตสวรรค์ประชารักษ์
►ส่วนจัดเก็บหนังสือเก่า สปร
บนชั้น
  ขอยืม
2. วิทยาศาสตร์การแพทย์ และสุขภาพ
วิทยาศาสตร์การแพทย์ และสุขภาพ
สถานะ=หนังสือเก่า
WX185 ธ661อ ฉ.2 
  Barcode: 036709
ห้องสมุดวิทยาเขตสวรรค์ประชารักษ์
►ส่วนจัดเก็บหนังสือเก่า สปร
บนชั้น
  ขอยืม

BibComment


ยังไม่เคยถูกคอมเมนท์

คอมเมนท์ทรัพยากรรายการนี้
  คอมเมนท์: อาชีวอนามัยและคว..


 Copyright 2026. Bcnsprnw @Library